000 00378nam a2200157Ia 4500
008 210210b1994 xxu||||| |||| 00| 0 eng d
020 _a0 333 54904 X
082 _a820.9 NEWW
100 _aNew Casebooks
245 _aWordsworth
260 _aLondon
_bMacmillan Education
_c1994
300 _a216
650 _aWordsworth
690 _aEnglish Criticism
906 _a051640
999 _c100258
_d100258